Statistics for Countries That Have Claimed The North Pole

Click here to take the quiz!

General Stats

  • This quiz has been taken 455 times
  • The average score is 5 of 5

Answer Stats

Country% Correct
Canada
98%
Norway
97%
Russia
97%
United States
95%
Denmark
89%

Score Distribution

Percentile by Number Answered

Percent of People with Each Score

Your Score History

You have not taken this quiz